La théologie chatolique /

Guardado en:
書目詳細資料
主要作者: Wackenheim, Charles (autor)
格式: 圖書
語言:法语
出版: París, Francia : Presses Universitaires de France, 1977, c1977
叢編:(Que Sais-je? ; Le Point des Connaissances Actuelles) 1269.
主題:
標簽: 添加標簽
沒有標簽, 成為第一個標記此記錄!

MARC

LEADER 00000nam^a2200000^a^4500
001 000361988
005 20250521000000.0
009 20260310115507.453
025 |a Donación Ignacio González Luna, 1 ejemplar 
037 |a Acervo ITESO - Biblioteca 
041 |a FRA 
082 |a 230. 2  |b WAC 
100 |a Wackenheim, Charles  |e (autor) 
245 1 3 |a La théologie chatolique /  |c C. Wackenheim. 
264 4 |a París, Francia :  |b Presses Universitaires de France,  |c 1977, c1977 
300 |a 125 p. 
336 |a texto  |b txt  |2 rdacontenido 
337 |a sin mediación  |b n  |2 rdamedio 
338 |a volumen  |b nc  |2 rdasoporte 
440 1 |a (Que Sais-je? ;  |v 1269.  |p Le Point des Connaissances Actuelles) 
561 |a Ex libris de Ignacio González Luna 
649 |a XX 
650 |a Iglesia Católica -  |x Historia 
650 |a Dios 
650 |a Eclesiología 
650 |a Derecho Canónico 
650 |a Teología Doctrinal 
650 |a Teología -  |x Tema Principal 
650 |a Cristianismo 
650 |a Religión 
910 |a Fondo Ignacio González Luna Morfín 
920 |a Impresos - Libros 
930 |a Fondos Especiales 
905 |a 136 
901 |a 0500255331  |b IT2  |c ESP  |i D73754  |u 20250521 
902 |a https://opac.biblio.iteso.mx/vufind/Record/000361988